[Event "38th Reykjavik op"]
[Site "Reykjavik ISL"]
[Date "2025.04.09"]
[Round "1.69"]
[White "Alquist, Erik"]
[Black "Pisk, Petr"]
[WhiteElo "2024"]
[BlackElo "2302"]
[Result "0-1"]
[EventDate "2025.04.09"]
[PlyCount "156"]

1. e4 c5 2. Nf3 Nc6 3. d4 cxd4 4. Nxd4 e5 5. Nb5 d6 6. c4 Be6 7. N1c3 a6 8. Na3 Rc8
9. Nc2 Be7 10. b3 Nf6 11. Be2 Qa5 12. Bd2 O-O 13. O-O Qd8 14. Be3 Ne8 15. Qd2 h6
16. g3 Bh3 17. Rfd1 Nf6 18. f3 Nb8 19. Nb4 Be6 20. Rac1 Nbd7 21. Nbd5 Nxd5 22. Nxd5
Bxd5 23. Qxd5 Qc7 24. Bf1 Rcd8 25. Bh3 Nf6 26. Qd2 b6 27. Qb4 Rb8 28. Qa4 Qb7 29.
Rd2 Rfd8 30. Rdc2 Nh7 31. Bg2 Ng5 32. f4 Ne6 33. b4 b5 34. Qb3 Rdc8 35. c5 dxc5 36.
bxc5 Qc7 37. Bh3 Qc6 38. Qd5 exf4 39. gxf4 Rc7 40. f5 Bg5 41. Bxg5 Nxg5 42. Bg2 Qf6
43. Qd6 Qe7 44. e5 Rd8 45. Qxe7 Rxe7 46. c6 Rc7 47. Kf2 g6 48. h4 Nh7 49. fxg6 fxg6
50. Rc5 Kf7 51. Ke3 Ke7 52. Be4 Nf8 53. Rg1 Kf7 54. Rf1+ Kg7 55. Rd5 Re8 56. Rf6
Rxe5 57. Rxe5 Kxf6 58. Re8 Ne6 59. Bd5 Ng7 60. Rb8 Ke5 61. Be4 Nf5+ 62. Bxf5 Kxf5
63. Rb6 Ke5 64. Rxa6 Kd5 65. a4 b4 66. Rb6 Kc5 67. Rb5+ Kc4 68. Rb6 b3 69. Kd2 g5
70. hxg5 hxg5 71. a5 g4 72. Rb7 Rxc6 73. Rg7 Kb4 74. Rxg4+ Ka3 75. a6 Rxa6 76. Kc1
Ka2 77. Rg2+ Ka1 78. Rg1 b2+  0-1

[Event "38th Reykjavik op"]
[Site "Reykjavik ISL"]
[Date "2025.04.09"]
[Round "1.70"]
[White "Bhagat, Kush"]
[Black "Bech, Havard Eriksen"]
[WhiteElo "2301"]
[BlackElo "2024"]
[Result "1-0"]
[EventDate "2025.04.09"]
[PlyCount "73"]

1. d4 d5 2. c4 e6 3. Nf3 Nf6 4. Nc3 Be7 5. cxd5 exd5 6. Bg5 h6 7. Bh4 c6 8. Qc2 O-O
9. e3 Re8 10. Bd3 Nbd7 11. O-O Ne4 12. Bxe4 Bxh4 13. Bh7+ Kh8 14. Nxh4 Qxh4 15. Bd3
Qe7 16. Rab1 Nf6 17. b4 Bd7 18. h3 Rac8 19. Rfc1 Ne4 20. Bxe4 dxe4 21. Qa4 a6 22.
Qa5 Qg5 23. Qxg5 hxg5 24. Na4 Re7 25. Rc5 f6 26. Nb6 Rce8 27. a3 Be6 28. Rbc1 Rd8
29. Kf1 Kg8 30. a4 Rd6 31. Ke1 Kf7 32. b5 cxb5 33. a5 g4 34. d5 Bf5 35. hxg4 Bxg4
36. Rc7 Bh5 37. Nc8  1-0

[Event "38th Reykjavik op"]
[Site "Reykjavik ISL"]
[Date "2025.04.09"]
[Round "1.71"]
[White "Vihaan, Karthikeya"]
[Black "Ternault, Mathieu"]
[WhiteElo "2024"]
[BlackElo "2301"]
[Result "1-0"]
[EventDate "2025.04.09"]
[PlyCount "79"]

1. d4 Nf6 2. c4 Nc6 3. Nf3 e6 4. Nc3 Bb4 5. Bg5 d6 6. d5 Bxc3+ 7. bxc3 Ne7 8. e3
h6 9. Bxf6 gxf6 10. Be2 Rg8 11. Qd4 Nf5 12. Qe4 Qe7 13. Nd4 exd5 14. Qxd5 Rg5 15.
Nxf5 Bxf5 16. Bf3 c6 17. Qd4 Qe6 18. Rd1 Rd8 19. h4 Rg8 20. c5 Bg4 21. cxd6 Bxf3
22. gxf3 b6 23. c4 Kd7 24. Ke2 f5 25. Rd2 Rg2 26. c5 Rb8 27. Rc1 b5 28. Qb4 Re8 29.
Rc3 Qe5 30. Kd1 Rg1+ 31. Kc2 Rb8 32. Qa5 Ke6 33. Qc7 Re8 34. Qxc6 Rc1+ 35. Kxc1 Qxc3+
36. Kd1 Rg8 37. d7+ Ke7 38. Qd6+ Kd8 39. Qb8+ Ke7 40. d8=Q+  1-0

[Event "38th Reykjavik op"]
[Site "Reykjavik ISL"]
[Date "2025.04.09"]
[Round "1.72"]
[White "Llari, Marc"]
[Black "Subervi, Jonathan"]
[WhiteElo "2299"]
[BlackElo "2020"]
[Result "1-0"]
[EventDate "2025.04.09"]
[PlyCount "73"]

1. d4 Nf6 2. c4 e6 3. Nf3 d5 4. Nc3 c6 5. e3 Nbd7 6. Qc2 b6 7. Be2 Bb7 8. b3 Bd6
9. Bb2 O-O 10. O-O Rc8 11. e4 dxe4 12. Nxe4 Nxe4 13. Qxe4 Qe7 14. Rad1 f5 15. Qh4
Qxh4 16. Nxh4 Be7 17. Nf3 Rcd8 18. c5 Bf6 19. Bc4 Rfe8 20. b4 g5 21. Rfe1 Kf7 22.
h4 h6 23. hxg5 hxg5 24. Bc1 f4 25. Rd2 b5 26. Bb3 Bc8 27. Rde2 Nf8 28. Ne5+ Bxe5
29. Rxe5 Ng6 30. Rf5+ Kg7 31. Rxg5 Kh6 32. Rg3 Rxd4 33. Bc2 Ne7 34. Rh3+ Kg5 35.
Bb2 Rxb4 36. Re5+ Nf5 37. Bc3  1-0

[Event "38th Reykjavik op"]
[Site "Reykjavik ISL"]
[Date "2025.04.09"]
[Round "1.73"]
[White "Pisan, Kai"]
[Black "Roenkae, Erik"]
[WhiteElo "2020"]
[BlackElo "2295"]
[Result "0-1"]
[EventDate "2025.04.09"]
[PlyCount "120"]

1. e4 c5 2. Nf3 e6 3. d4 cxd4 4. Nxd4 Nf6 5. Nc3 Nc6 6. Ndb5 Bc5 7. Bf4 O-O 8. Bd6
Bxd6 9. Qxd6 Qb6 10. Qd2 d5 11. exd5 exd5 12. O-O-O Be6 13. Nd4 Rfd8 14. f3 Rac8
15. Be2 a6 16. Rhe1 Qc7 17. g3 b5 18. Nxc6 Qxc6 19. Qd4 Rb8 20. Bd3 b4 21. Ne2 a5
22. Kb1 a4 23. b3 Qc7 24. Nf4 Re8 25. Re2 axb3 26. cxb3 Qb6 27. Bc2 Qxd4 28. Rxd4
Rb5 29. Bd3 Rbb8 30. h4 Kf8 31. g4 h6 32. g5 hxg5 33. hxg5 Ng8 34. Nxd5 Red8 35.
Bc4 Ne7 36. Nxe7 Rxd4 37. Nc6 Bf5+ 38. Kb2 Rd1 39. a4 bxa3+ 40. Kxa3 Rc8 41. Ne5
f6 42. gxf6 gxf6 43. Ng4 Bxg4 44. fxg4 Rd4 45. Rh2 Rc6 46. Rh8+ Kg7 47. Re8 Kh6 48.
Be6 Re4 49. Rh8+ Kg5 50. Rg8+ Kf4 51. Bf7 Rd6 52. Bc4 Rb6 53. Bf7 Re3 54. Bc4 Rg3
55. Bf7 Rgxb3+ 56. Ka2 Rb2+ 57. Ka1 Rb1+ 58. Ka2 R6b2+ 59. Ka3 Rb7 60. Ka2 R1b6  0-1

[Event "38th Reykjavik op"]
[Site "Reykjavik ISL"]
[Date "2025.04.09"]
[Round "1.74"]
[White "Golis, Wiktor"]
[Black "Boissonnier, Kimo"]
[WhiteElo "2293"]
[BlackElo "2019"]
[Result "1-0"]
[EventDate "2025.04.09"]
[PlyCount "65"]

1. e4 Nf6 2. e5 Nd5 3. d4 d6 4. c4 Nb6 5. exd6 exd6 6. Nc3 Nc6 7. h3 Be7 8. Nf3 O-O
9. Be2 Re8 10. O-O Bf6 11. Be3 Ne7 12. Bf4 Ng6 13. Be3 Be6 14. b3 d5 15. c5 Nd7 16.
Qd2 h6 17. b4 Nh4 18. Nxh4 Bxh4 19. Bf4 Nf8 20. Bd3 a6 21. Rae1 Qd7 22. Re2 f5 23.
Rfe1 Ng6 24. Bxc7 Bg5 25. Qc2 Nf4 26. Bxf4 Bxf4 27. b5 Bc7 28. Qa4 Qf7 29. b6 Bd7
30. Qb3 Bf4 31. Nxd5 Bd2 32. Nf6+ gxf6 33. Bc4  1-0

[Event "38th Reykjavik op"]
[Site "Reykjavik ISL"]
[Date "2025.04.09"]
[Round "1.77"]
[White "Schouten, Mathias Lind"]
[Black "Stranger, Morris"]
[WhiteElo "2279"]
[BlackElo "2018"]
[Result "1-0"]
[EventDate "2025.04.09"]
[PlyCount "71"]

1. d4 d5 2. c4 c6 3. Nf3 Nf6 4. e3 e6 5. b3 Nbd7 6. Bd3 Ne4 7. O-O Bd6 8. Qc2 f5
9. Ba3 Bxa3 10. Nxa3 O-O 11. Nb1 Rf6 12. Nbd2 Rh6 13. Rfc1 Qe8 14. Nf1 Qh5 15. b4
Ndf6 16. Ne5 Nd7 17. b5 Nxe5 18. dxe5 Bd7 19. bxc6 Bxc6 20. cxd5 exd5 21. f3 Ng5
22. Bxf5 Rf8 23. Bg4 Qe8 24. f4 Ne6 25. h3 d4 26. f5 dxe3 27. Qb3 e2 28. Ng3 Ba4
29. Qd5 Bc6 30. Rxc6 bxc6 31. Qb3 Kh8 32. fxe6 Qe7 33. Re1 Qc5+ 34. Kh2 Qd4 35. e7
Re8 36. Qf7  1-0

[Event "38th Reykjavik op"]
[Site "Reykjavik ISL"]
[Date "2025.04.09"]
[Round "1.78"]
[White "Pererva,Viktor"]
[Black "Sriansh, Das"]
[WhiteElo "2017"]
[BlackElo "2278"]
[Result "0-1"]
[EventDate "2025.04.09"]
[PlyCount "58"]

1. d4 d5 2. Nf3 Nf6 3. Bf4 c5 4. e3 Nc6 5. Nbd2 Qb6 6. dxc5 Qxb2 7. Rb1 Qc3 8. Bb5
e6 9. O-O Be7 10. Re1 O-O 11. e4 dxe4 12. Nxe4 Nxe4 13. Rxe4 Rd8 14. Bd6 Bxd6 15.
cxd6 Qc5 16. Bxc6 bxc6 17. Rd4 e5 18. Rd2 Be6 19. c4 f6 20. d7 Qxc4 21. Rc1 Qb5 22.
a4 Qb7 23. a5 Rab8 24. a6 Qc7 25. h4 Rxd7 26. Rxd7 Qxd7 27. Qxd7 Bxd7 28. Rd1 Bf5
29. Rd6 Rb6  0-1

[Event "38th Reykjavik op"]
[Site "Reykjavik ISL"]
[Date "2025.04.09"]
[Round "1.79"]
[White "Nayak, Rajesh"]
[Black "Levin, Anthony"]
[WhiteElo "2277"]
[BlackElo "2016"]
[Result "1-0"]
[EventDate "2025.04.09"]
[PlyCount "87"]

1. d4 d5 2. Nc3 Nf6 3. Bf4 c5 4. e4 Nxe4 5. Nxe4 dxe4 6. dxc5 Qxd1+ 7. Rxd1 e6 8.
Be3 Bd7 9. Ne2 Na6 10. Nc3 Bxc5 11. Rxd7 Kxd7 12. Bxa6 Bxe3 13. Bb5+ Ke7 14. fxe3
f5 15. Bc4 Rhd8 16. Bb3 Rd7 17. Nb5 Rad8 18. O-O a6 19. Nd4 Rd6 20. g4 g6 21. gxf5
exf5 22. Kf2 Kf6 23. a4 Ke5 24. c3 Rf8 25. Rg1 h6 26. a5 g5 27. Ra1 f4 28. Ra4 fxe3+
29. Kxe3 Rf1 30. Rc4 Re1+ 31. Kf2 Rb1 32. Rc5+ Kf6 33. Rf5+ Kg6 34. Bf7+ Kg7 35.
b3 Rb2+ 36. Ke3 Rxh2 37. Kxe4 Rd7 38. Ke5 Rh4 39. Ne6+ Kh7 40. Kf6 Rd2 41. Nf8+ Kh8
42. Ng6+ Kh7 43. Nxh4 gxh4 44. Bg6+  1-0

[Event "38th Reykjavik op"]
[Site "Reykjavik ISL"]
[Date "2025.04.09"]
[Round "1.80"]
[White "Omarsson, Josef"]
[Black "Colas, Joshua"]
[WhiteElo "2011"]
[BlackElo "2275"]
[Result "1-0"]
[EventDate "2025.04.09"]
[PlyCount "85"]

1. d4 d5 2. c4 e6 3. Nc3 a6 4. cxd5 exd5 5. Nf3 Nf6 6. Bg5 Be6 7. Bxf6 Qxf6 8. Qb3
b6 9. e3 Qd8 10. h4 Be7 11. g3 O-O 12. Bg2 c6 13. Qc2 h6 14. O-O Nd7 15. Ne2 Qc7
16. Nf4 Qd6 17. Nxe6 Qxe6 18. Rfe1 Rac8 19. e4 dxe4 20. Rxe4 Qd6 21. Qe2 Bf6 22.
Bh3 Rcd8 23. Ne5 Nb8 24. Re1 Bxe5 25. dxe5 Qe7 26. Qh5 Rd2 27. R4e2 Rxe2 28. Rxe2
Qc5 29. Qf5 Re8 30. Qf4 Qd5 31. e6 Qd1+ 32. Kh2 fxe6 33. Bxe6+ Kh8 34. Qf7 Rd8 35.
Bg4 Qd5 36. Qe7 c5 37. Re6 Qd4 38. Kh3 c4 39. Bf5 Kg8 40. Bg6 Qd7 41. Bf7+ Kh7 42.
Qxd7 Nxd7 43. Rd6  1-0

[Event "38th Reykjavik op"]
[Site "Reykjavik ISL"]
[Date "2025.04.09"]
[Round "1.81"]
[White "Nissinen, Niilo Man"]
[Black "Tripathi, Pratyush"]
[WhiteElo "2268"]
[BlackElo "2011"]
[Result "1-0"]
[EventDate "2025.04.09"]
[PlyCount "85"]

1. e4 c6 2. d4 d5 3. e5 Bf5 4. h4 h5 5. c4 e6 6. Nc3 Bb4 7. Nf3 Ne7 8. a3 Bxc3+ 9.
bxc3 dxc4 10. Bxc4 Nd5 11. Bd2 b5 12. Be2 Nd7 13. a4 a6 14. O-O N7b6 15. a5 Nd7 16.
Ng5 f6 17. exf6 N7xf6 18. Re1 O-O 19. Bxh5 Nxh5 20. Qxh5 Nf6 21. Qd1 Qd6 22. Qb3
Rfe8 23. g3 Qd5 24. Qxd5 exd5 25. f3 Rxe1+ 26. Rxe1 Re8 27. Rxe8+ Nxe8 28. g4 Bd7
29. Bf4 Nf6 30. Be5 Nh7 31. Nh3 g6 32. Nf4 g5 33. hxg5 Nxg5 34. Kf2 Ne6 35. Nxe6
Bxe6 36. Kg3 Kf7 37. f4 Ke7 38. f5 Bf7 39. g5 Bh5 40. g6 Be2 41. f6+ Kf8 42. Bd6+
Kg8 43. f7+  1-0

[Event "38th Reykjavik op"]
[Site "Reykjavik ISL"]
[Date "2025.04.09"]
[Round "1.82"]
[White "Arun, Nitish"]
[Black "Lindbergh, Theodor"]
[WhiteElo "2004"]
[BlackElo "2264"]
[Result "1-0"]
[EventDate "2025.04.09"]
[PlyCount "87"]

1. d4 Nf6 2. c4 g6 3. g3 Bg7 4. Bg2 O-O 5. Nc3 d6 6. Nf3 c5 7. O-O Nc6 8. e3 Bg4
9. h3 Bxf3 10. Bxf3 Nd7 11. Rb1 cxd4 12. exd4 Nxd4 13. Bxb7 Rb8 14. Bg2 Qa5 15. Bd2
Rfe8 16. Nb5 Qxa2 17. Nxd4 Bxd4 18. Qg4 Qxc4 19. Qxd7 Qd3 20. Rbd1 Qxg3 21. Qa4 Bc5
22. Bc3 e6 23. Qe4 d5 24. Qe2 Qf4 25. Be5 Qf5 26. Bxb8 Rxb8 27. Rc1 Bd4 28. Rc2 Rb3
29. Rd1 Bb6 30. Rc8+ Kg7 31. Rc3 Rb4 32. Rf3 Qh5 33. Qd2 a5 34. Re1 Qh4 35. Qc3+
d4 36. Qc6 Qe7 37. b3 e5 38. Rd3 f5 39. f3 a4 40. Qd5 Bc7 41. bxa4 Rb2 42. f4 Kh6
43. fxe5 Qg5 44. Qf3  1-0

[Event "38th Reykjavik op"]
[Site "Reykjavik ISL"]
[Date "2025.04.09"]
[Round "1.83"]
[White "Priansh, Das"]
[Black "Thorsteinsdottir, Hallgerdur"]
[WhiteElo "2262"]
[BlackElo "2003"]
[Result "1-0"]
[EventDate "2025.04.09"]
[PlyCount "81"]

1. g3 Nf6 2. Bg2 d5 3. Nf3 g6 4. c4 Bg7 5. cxd5 Nxd5 6. d4 O-O 7. O-O Nc6 8. Nc3
Nb6 9. e3 a5 10. Ne1 a4 11. Nd3 e5 12. d5 Ne7 13. e4 c6 14. Nc5 cxd5 15. exd5 Ra5
16. b4 axb3 17. Nxb3 Ra8 18. Bg5 h6 19. Be3 Nc4 20. Bc5 Nd6 21. Ne4 Nxe4 22. Bxe4
Re8 23. Qd2 Ra4 24. Rfe1 Nf5 25. d6 Nd4 26. Bd5 Be6 27. Nxd4 Bxd5 28. Nf5 Be6 29.
Nxg7 Kxg7 30. Rxe5 b6 31. Bb4 Qa8 32. Bc3 f6 33. Re3 Qc6 34. f3 Qc5 35. Kh1 Bd5 36.
Rd3 Bc6 37. d7 Rd8 38. Re1 Ra7 39. Qf4 Qf8 40. Re6 Rdxd7 41. Rxf6  1-0

[Event "38th Reykjavik op"]
[Site "Reykjavik ISL"]
[Date "2025.04.09"]
[Round "1.84"]
[White "Bleuzen, Cedric"]
[Black "Wan, Joseph"]
[WhiteElo "2003"]
[BlackElo "2242"]
[Result "0-1"]
[EventDate "2025.04.09"]
[PlyCount "80"]

1. d4 e6 2. Nf3 c5 3. e3 d5 4. c4 Nf6 5. Nc3 a6 6. a3 cxd4 7. Nxd4 Be7 8. cxd5 exd5
9. Bd3 O-O 10. Qc2 Nc6 11. Nxc6 bxc6 12. Na4 Re8 13. Bd2 Bd7 14. Nc5 Bxc5 15. Qxc5
Ng4 16. Qd4 Qh4 17. g3 Qe7 18. Bb4 Qd8 19. O-O Ne5 20. Be2 Bf5 21. Rac1 Bd3 22. Bxd3
Nf3+ 23. Kg2 Nxd4 24. exd4 Qf6 25. Bc5 a5 26. Rfe1 h5 27. b4 axb4 28. axb4 g5 29.
b5 g4 30. Rxe8+ Rxe8 31. Kg1 Qf3 32. Bf1 cxb5 33. Bxb5 Rb8 34. Bd7 Rb2 35. Rf1 Rd2
36. Ba4 Kh7 37. Bd7 Kg6 38. Ba4 h4 39. gxh4 Kh5 40. Be7 f6  0-1

[Event "38th Reykjavik op"]
[Site "Reykjavik ISL"]
[Date "2025.04.09"]
[Round "1.85"]
[White "Unzicker, Ferdinand, Dr."]
[Black "Kristinsson, Ogmundur"]
[WhiteElo "2241"]
[BlackElo "2000"]
[Result "1-0"]
[EventDate "2025.04.09"]
[PlyCount "81"]

1. d4 d5 2. c4 e6 3. Nc3 Nf6 4. Bg5 Be7 5. e3 h6 6. Bh4 O-O 7. Nf3 b6 8. Bd3 dxc4
9. Bxc4 Bb7 10. O-O Ne4 11. Bg3 Nxg3 12. hxg3 Nc6 13. Qc2 Nb4 14. Qe2 c5 15. Rfd1
cxd4 16. Nxd4 Qc7 17. Ncb5 Qe5 18. a3 a6 19. Nc3 Nd5 20. Nxd5 Bxd5 21. Bxa6 Bf6 22.
f4 Qb8 23. Bc4 Be4 24. Rac1 e5 25. Nb5 Be7 26. Rd7 Bc5 27. b4 Bc6 28. Rxf7 Rxf7 29.
Bxf7+ Kxf7 30. bxc5 Bxb5 31. Qxb5 bxc5 32. Qc4+ Kf6 33. Qxc5 exf4 34. gxf4 Qe8 35.
Qd4+ Kg6 36. Rc7 Qf8 37. Qe4+ Kh5 38. Rc6 g5 39. Qf3+ g4 40. Qd5+ Kh4 41. g3+  1-0

[Event "38th Reykjavik op"]
[Site "Reykjavik ISL"]
[Date "2025.04.09"]
[Round "1.86"]
[White "Termeulen, Albert"]
[Black "Vogt, Lothar"]
[WhiteElo "1999"]
[BlackElo "2229"]
[Result "1-0"]
[EventDate "2025.04.09"]
[PlyCount "47"]

1. e4 c5 2. Nf3 Nc6 3. d4 cxd4 4. Nxd4 g6 5. Nc3 Bg7 6. Be3 Nf6 7. Bc4 O-O 8. Bb3
d6 9. h3 Bd7 10. O-O Qa5 11. f4 Rad8 12. Qf3 Nxd4 13. Bxd4 Bc6 14. Rad1 e6 15. Qf2
b6 16. f5 e5 17. Be3 Nxe4 18. Qh4 Nxc3 19. fxg6 Ne2+ 20. Kh2 hxg6 21. Bxf7+ Rxf7
22. Qxd8+ Rf8 23. Rxf8+ Bxf8 24. Bh6  1-0

[Event "38th Reykjavik op"]
[Site "Reykjavik ISL"]
[Date "2025.04.09"]
[Round "1.87"]
[White "Dauth, Benjamin"]
[Black "Grigoriev, Dmitriy"]
[WhiteElo "2228"]
[BlackElo "1997"]
[Result "1-0"]
[EventDate "2025.04.09"]
[PlyCount "85"]

1. e4 e5 2. Bc4 c6 3. Nc3 b5 4. Bb3 a5 5. a3 Bc5 6. Qh5 Qe7 7. Nf3 d6 8. d3 Nf6 9.
Qh4 Be6 10. Bxe6 Qxe6 11. Be3 Nbd7 12. d4 exd4 13. Nxd4 Bxd4 14. Bxd4 O-O 15. f3
Qc4 16. Ne2 c5 17. Bc3 a4 18. Qg3 d5 19. Rd1 d4 20. Nxd4 b4 21. Nf5 Nh5 22. Nh6+
Kh8 23. Bxg7+ Nxg7 24. Rxd7 bxa3 25. bxa3 Qc3+ 26. Ke2 Qxc2+ 27. Rd2 Qc4+ 28. Kf2
Qe6 29. Qf4 c4 30. Rc1 Rac8 31. Rd6 Qe7 32. e5 Rc5 33. Ng4 Ne6 34. Qh6 Rfc8 35. f4
Nf8 36. Rc3 Rb8 37. Ne3 Rb2+ 38. Kf3 Ng6 39. Nf5 Qb7+ 40. Ke3 Re2+ 41. Kxe2 Qxg2+
42. Ke3 Qg1+ 43. Ke4  1-0

[Event "38th Reykjavik op"]
[Site "Reykjavik ISL"]
[Date "2025.04.09"]
[Round "1.88"]
[White "Balton, Tim"]
[Black "Khaledi, Omid"]
[WhiteElo "1988"]
[BlackElo "2228"]
[Result "1/2-1/2"]
[EventDate "2025.04.09"]
[PlyCount "148"]

1. d4 Nf6 2. e3 d6 3. Nf3 g6 4. b3 Bg7 5. Bb2 O-O 6. c4 Nbd7 7. Nc3 e5 8. Be2 Re8
9. Qc2 c6 10. O-O e4 11. Nd2 Qe7 12. b4 h5 13. d5 h4 14. h3 Nf8 15. Rfd1 g5 16. a4
Ng6 17. a5 Bf5 18. a6 cxd5 19. axb7 Qxb7 20. cxd5 Qe7 21. Nc4 Rec8 22. Ra6 Ne8 23.
Rda1 Qb7 24. Qb3 Ne5 25. Na5 Qe7 26. Nc6 Nxc6 27. dxc6 Be6 28. Qa4 d5 29. b5 Qc5
30. Rc1 d4 31. Nd1 d3 32. Bxd3 Qd6 33. Bxe4 Qd2 34. Qa1 Qe1+ 35. Kh2 Qb4 36. Bf3
Qd6+ 37. Kg1 Bxb2 38. Nxb2 Rab8 39. Rxa7 Rxb5 40. Ra5 Qe5 41. Nd3 Rxa5 42. Nxe5 Rxa1
43. Rxa1 Kg7 44. Nd7 Nc7 45. Ra5 Kg6 46. Kh2 Rd8 47. Ne5+ Kf6 48. Bg4 Rd2 49. Bxe6
Nxe6 50. Ng4+ Kg6 51. Rc5 Nc7 52. Ne5+ Kf6 53. Nf3 Rxf2 54. Nxg5 Re2 55. Nf3 Rxe3
56. Nxh4 Re2 57. Nf3 Re8 58. h4 Ne6 59. Rc4 Rc8 60. g4 Ke7 61. Ne5 f6 62. Nd3 Kd6
63. Nb4 Re8 64. h5 Rg8 65. Kh3 Rg7 66. Kh4 Rg8 67. h6 Rg6 68. g5 Rxg5 69. h7 Rg1
70. Kh5 Ng7+ 71. Kh4 Nf5+ 72. Kh3 Rh1+ 73. Kg2 Rxh7 74. Rc3 Rc7  1/2-1/2

[Event "38th Reykjavik op"]
[Site "Reykjavik ISL"]
[Date "2025.04.09"]
[Round "1.89"]
[White "Borne, Felix"]
[Black "Petursson, Gudni"]
[WhiteElo "2225"]
[BlackElo "1987"]
[Result "1-0"]
[EventDate "2025.04.09"]
[PlyCount "59"]

1. Nf3 Nf6 2. g3 d5 3. Bg2 g6 4. O-O Bg7 5. c4 c6 6. b3 O-O 7. Bb2 Bg4 8. d4 Qc8
9. Re1 Bh3 10. Bh1 Ne4 11. Nc3 Nxc3 12. Bxc3 Bf5 13. Rc1 Be4 14. Nd2 Bxh1 15. Kxh1
Qd7 16. e4 dxe4 17. Nxe4 Na6 18. Qf3 Rad8 19. Rcd1 Qf5 20. Qe3 Rd7 21. Rd2 Rfd8 22.
Red1 Qh5 23. Kg2 Qf5 24. f4 h5 25. h3 b6 26. Qf3 Bh6 27. Rf2 Bg7 28. g4 hxg4 29.
hxg4 Qe6 30. f5  1-0

[Event "38th Reykjavik op"]
[Site "Reykjavik ISL"]
[Date "2025.04.09"]
[Round "1.90"]
[White "Sparwel, Oliver"]
[Black "Wildenrath, Dirk"]
[WhiteElo "1987"]
[BlackElo "2221"]
[Result "1/2-1/2"]
[EventDate "2025.04.09"]
[PlyCount "46"]

1. d4 Nf6 2. Nf3 g6 3. g3 Bg7 4. Bg2 O-O 5. b3 d6 6. Bb2 c6 7. O-O Nbd7 8. Nbd2 Re8
9. a4 Qc7 10. Re1 Nf8 11. Nc4 b5 12. axb5 cxb5 13. Na5 Bf5 14. c4 Rab8 15. Nd2 bxc4
16. Ndxc4 d5 17. Ne3 Be6 18. Qd3 Rec8 19. Rec1 Qb6 20. Bc3 Ne4 21. Nxd5 Bxd5 22.
Bxe4 Bxe4 23. Qxe4 Rxc3  1/2-1/2

[Event "38th Reykjavik op"]
[Site "Reykjavik ISL"]
[Date "2025.04.09"]
[Round "1.91"]
[White "Gajcin, Marina"]
[Black "Mrozowski, Nikodem"]
[WhiteElo "2217"]
[BlackElo "1984"]
[Result "1/2-1/2"]
[EventDate "2025.04.09"]
[PlyCount "121"]

1. e4 c5 2. Nf3 d6 3. Bb5+ Bd7 4. Bxd7+ Nxd7 5. O-O Ngf6 6. Re1 e6 7. d4 cxd4 8.
Nxd4 Be7 9. c4 a6 10. b3 O-O 11. Nc3 Rc8 12. Bb2 Qa5 13. Rc1 Ne5 14. h3 Nc6 15. Nxc6
Rxc6 16. a4 Rcc8 17. Ba3 Rfd8 18. Qf3 Nd7 19. Qg3 Qe5 20. f4 Qh5 21. Red1 Nc5 22.
Rb1 Bf6 23. b4 Nd7 24. Rxd6 Rxc4 25. e5 Be7 26. Rd3 Rdc8 27. a5 Qf5 28. Rbd1 Nf8
29. Ne2 Bxb4 30. Rd4 Bxa3 31. Rxc4 Rxc4 32. Qxa3 Qc2 33. Rd8 Qb1+ 34. Kh2 Qb4 35.
Qd3 g6 36. Rb8 Kg7 37. Rxb7 Qxb7 38. Qxc4 Nd7 39. Nc3 Nb8 40. Ne4 Nc6 41. Qc3 Nxa5
42. Nd6 Qb6 43. Ne8+ Kf8 44. Nf6 Qd8 45. Nxh7+ Kg7 46. Nf6 Nb7 47. Qb4 Na5 48. Qc3
Nb7 49. Qb4 Na5 50. Qa4 Qd2 51. Ne8+ Kf8 52. Nd6 Kg7 53. Ne8+ Kf8 54. Nf6 Kg7 55.
Ne8+ Kf8 56. Nd6 Kg7 57. Qe4 Nb3 58. Ne8+ Kf8 59. Nf6 Kg7 60. Ne8+ Kf8 61. Nf6  1/2-1/2

[Event "38th Reykjavik op"]
[Site "Reykjavik ISL"]
[Date "2025.04.09"]
[Round "1.92"]
[White "Raghu, Ram Reddy Seelam"]
[Black "Gislason, Gudmundur"]
[WhiteElo "1984"]
[BlackElo "2216"]
[Result "1/2-1/2"]
[EventDate "2025.04.09"]
[PlyCount "118"]

1. e4 g6 2. d4 Bg7 3. Nc3 a6 4. Be3 d6 5. Bd3 Nc6 6. Nf3 e5 7. dxe5 dxe5 8. Bc4 Nd4
9. Bxd4 exd4 10. Ne2 Qe7 11. O-O Bg4 12. Qd3 Rd8 13. h3 Bxf3 14. Qxf3 Nf6 15. e5
Qxe5 16. Qxb7 O-O 17. Qxa6 Ne4 18. Bd3 c5 19. Rfe1 Nd6 20. b3 c4 21. bxc4 Qc5 22.
Rab1 Rc8 23. Qb6 Qxb6 24. Rxb6 Nxc4 25. Rb4 Ne5 26. Rd1 Nxd3 27. cxd3 Rc2 28. Nxd4
Rxa2 29. Nf3 Rd8 30. d4 Ra5 31. g3 Bf6 32. Kg2 Kg7 33. Rd2 Rad5 34. Rd3 R8d7 35.
Rb2 h5 36. Re2 R7d6 37. Re4 Rd7 38. Kf1 Ra7 39. Ke2 Ra2+ 40. Rd2 Ra1 41. Rd1 Ra2+
42. Rd2 Ra1 43. h4 Ra4 44. Rc2 Rd7 45. Rd2 Rd5 46. Ke3 Ra3+ 47. Rd3 Ra1 48. Ke2 Ra4
49. Rd1 Ra2+ 50. Rd2 Ra4 51. Re3 Rb4 52. Rc3 Rd8 53. Rcd3 Rd5 54. Kd1 Rb1+ 55. Ke2
Rc1 56. Rd1 Rc2+ 57. R3d2 Rc3 58. Rd3 Rc2+ 59. R1d2 Rc1  1/2-1/2

[Event "38th Reykjavik op"]
[Site "Reykjavik ISL"]
[Date "2025.04.09"]
[Round "1.93"]
[White "Fodor, Balazs"]
[Black "Skettos, Nicolas"]
[WhiteElo "2206"]
[BlackElo "1983"]
[Result "1-0"]
[EventDate "2025.04.09"]
[PlyCount "79"]

1. d4 d5 2. Nf3 Nf6 3. e3 e6 4. Bd3 c5 5. b3 (5. c3 Bd6 6. Bc2 O-O 7. Nbd2 cxd4 8.
exd4) 5... Bd6 6. Bb2 O-O 7. Nbd2 cxd4 8. exd4 b6 9. Qe2 a5 10. O-O Ba6 11. c4 Nc6
12. Rac1 Rc8 13. Ne5 dxc4 14. bxc4 Ne7 15. Rfd1 Ng6 16. Qe3 Bb7 17. Ndf3 Qc7 18.
Ng5 Bxe5 19. dxe5 Qc6 20. Bf1 Ng4 21. Qh3 Nh6 22. Rd6 Qc7 23. Rcd1 Ba6 24. Rd7 Qc6
25. R1d6 Qa4 26. Qb3 Qxb3 27. axb3 Rb8 28. Bd3 Ng4 29. Bxg6 hxg6 30. h3 Nh6 31. g4
a4 32. Ra7 Ra8 33. Rxa8 Rxa8 34. Rxb6 axb3 35. c5 Bc4 36. c6 Rc8 37. c7 Kf8 38. Rb8
Ba6 39. Ba3+ Ke8 40. Ne4  1-0

[Event "38th Reykjavik op"]
[Site "Reykjavik ISL"]
[Date "2025.04.09"]
[Round "1.94"]
[White "Bozilov, Dragan"]
[Black "Garbuz, Vitaliy"]
[WhiteElo "1981"]
[BlackElo "2203"]
[Result "0-1"]
[EventDate "2025.04.09"]
[PlyCount "52"]

1. Nf3 Nf6 2. d4 d5 3. Bf4 c5 4. c3 Nc6 5. e3 Qb6 6. Qb3 c4 7. Qxb6 axb6 8. Nbd2
b5 9. Ne5 Nh5 10. Be2 Nxf4 11. exf4 b4 12. O-O e6 13. Ndf3 f6 14. Nxc6 bxc6 15. b3
bxc3 16. bxc4 Ba3 17. Ne1 Ba6 18. Nc2 Bb2 19. Rab1 Bxc4 20. Bxc4 dxc4 21. Ne3 Ra4
22. f5 O-O 23. Rfe1 Re8 24. g4 exf5 25. Nxf5 Rxe1+ 26. Rxe1 c2  0-1

[Event "38th Reykjavik op"]
[Site "Reykjavik ISL"]
[Date "2025.04.09"]
[Round "1.95"]
[White "Kracht, Raphael"]
[Black "Bathula, Abhinav Reddy"]
[WhiteElo "2196"]
[BlackElo "1979"]
[Result "1-0"]
[EventDate "2025.04.09"]
[PlyCount "45"]

1. e4 c5 2. c3 d5 3. exd5 Qxd5 4. Nf3 g6 5. Na3 Bg7 6. Bc4 Qd8 7. O-O Nh6 8. d4 cxd4
9. Nxd4 O-O 10. Bg5 Ng4 11. h3 Nf6 12. Bb3 Nbd7 13. Qe2 a6 14. Rad1 Qa5 15. Bf4 Nh5
16. Bh2 Bf6 17. Ne6 b5 18. Bc7 Nb6 19. Nxf8 Bxh3 20. Qe3 b4 21. Bxb6 Qf5 22. Qxh3
Qg5 23. Be3  1-0

[Event "38th Reykjavik op"]
[Site "Reykjavik ISL"]
[Date "2025.04.09"]
[Round "1.96"]
[White "Wadelek, Karol"]
[Black "Mathews, Hans-Christian"]
[WhiteElo "1979"]
[BlackElo "2196"]
[Result "1-0"]
[EventDate "2025.04.09"]
[PlyCount "71"]

1. e4 e5 2. Nf3 Nc6 3. Bc4 Be7 4. O-O Nf6 5. d3 O-O 6. c3 d5 7. exd5 Nxd5 8. Re1
Bf6 9. Nbd2 Nb6 10. Bb5 Bg4 11. h3 Bh5 12. Ne4 Re8 13. Bxc6 bxc6 14. g4 Bg6 15. g5
Be7 16. Nxe5 Bxe4 17. Rxe4 Bd6 18. f4 Bxe5 19. fxe5 Qd5 20. Qe2 Rad8 21. d4 c5 22.
dxc5 Qxc5+ 23. Be3 Qc6 24. Bd4 Qd5 25. b3 c5 26. Bf2 Nd7 27. Rd1 Qe6 28. Kg2 Qc6
29. Rd6 Qb7 30. Kh2 Qc7 31. Bg3 Re6 32. Qd3 Rxd6 33. exd6 Qc6 34. Re7 a6 35. c4 Nf8
36. Qf5  1-0